Excluidos y estigmatizados: los jornaleros migratorios en Tamaulipas /

Збережено в:
Бібліографічні деталі
Автор: Andrade Rubio, Karla Lorena
Формат: Невідомо
Мова:Spanish
Опубліковано: México : Universidad Autonoma de Tamaulipas
Серія:Colección Desarrollo y Migración
Теги: Додати тег
Немає тегів, Будьте першим, хто поставить тег для цього запису!

MARC

LEADER 00000 a2200000 04500
001 47282
003
008 050705s2013 mx spa d
040
020 |a 978-607-401-681-9  
022 |a [sin ISBN]  
090 |a 1001 A553e  
100 |a Andrade Rubio, Karla Lorena  
245 |a Excluidos y estigmatizados:   |b los jornaleros migratorios en Tamaulipas /   |c Karla Lorena Andrade Rubio  
260 |a México :   |b Universidad Autonoma de Tamaulipas  
300 |a 194 páginas:   |b tablas, gráficos, mapa  
440 |a Colección Desarrollo y Migración  
590 |a DISEMINAR032015  
999 |c 5423  |d 5423